Central Library and Information Centre
Sibsagar Girls' College, Sivasagar : Assam

INORGANIC CHEMISTRY (Record no. 6551)

MARC details
000 -LEADER
fixed length control field 00393cam a2200169ua 4500
008 - FIXED-LENGTH DATA ELEMENTS--GENERAL INFORMATION
fixed length control field 060101n II |||gr||||Z||||||eng
040 ## - CATALOGING SOURCE
Original cataloging agency MAIN
041 ## - LANGUAGE CODE
-- English
082 ## - DEWEY DECIMAL CLASSIFICATION NUMBER
Classification number 546 RAJ
100 ## - MAIN ENTRY--PERSONAL NAME
Personal name RAJ, GURDEEP.
245 ## - TITLE STATEMENT
Title INORGANIC CHEMISTRY
260 ## - PUBLICATION, DISTRIBUTION, ETC.
Place of publication, distribution, etc. JALANDHER:
Name of publisher, distributor, etc. GOEL PUBLISHING.,
Date of publication, distribution, etc. 1992.
300 ## - PHYSICAL DESCRIPTION
Extent 1444:
Dimensions 25CM.
942 ## - ADDED ENTRY ELEMENTS (KOHA)
Koha item type Books
653 ## - INDEX TERM--UNCONTROLLED
Uncontrolled term Inorganic chemistry
Holdings
Withdrawn status Lost status Damaged status Not for loan Collection code Home library Current library Shelving location Date acquired Full call number Barcode Date last seen Copy number Price effective from Koha item type
        TBCHE Central Library and Information Centre Sibsagar Girls College Central Library and Information Centre Sibsagar Girls College Chemistry Rack 05.02.1997 546 RAJ 14392 27.02.2020 1 27.02.2020 Books


Sibsagar Girl's College © 2020. All rights reserved.
Powered by Koha.
Maintained by Abhijit Borpuzari.